书目信息 |
| 题名: |
概论论与数理统计学习指导
|
|
| 作者: | 周誓达 编著 | |
| 分册: | ||
| 出版信息: | 北京 中国人民大学出版社 2004 |
|
| 页数: | 122 | |
| 开本: | 20cm | |
| 丛书名: | ||
| 单 册: | ||
| 中图分类: | F234.0 | |
| 科图分类: | ||
| 主题词: | 会计 | |
| 电子资源: | ||
| ISBN: | 7-300-05907-4 | |
| 000 | 00547nam0 2200181 450 | |
| 001 | 0753815641 | |
| 005 | 20070930145655.64 | |
| 010 | @a7-300-05907-4@d¥10.00 | |
| 100 | @a20070930d km y0chiy0120 ea | |
| 101 | 0 | @achi |
| 200 | 1 | @a概论论与数理统计学习指导@Agai lun lun yu shu li tong ji xue xi zhi dao@f周誓达编著@Fzhou shi da bian zhu |
| 210 | @a北京@c中国人民大学出版社@d2004 | |
| 215 | @a122@d20cm | |
| 606 | 0 | @a会计 |
| 690 | @aF234.0@v3 | |
| 701 | 0 | @a周誓达@Azhou shi da@4编著 |
| 801 | 0 | @aCN@bPFT@c20070930 |
| 905 | @a213230@dF234.0@eg75@f1 | |
| 概论论与数理统计学习指导/周誓达编著.-北京:中国人民大学出版社,2004 |
| 122;20cm |
| ISBN 7-300-05907-4:¥10.00 |
| ● |
| 相关链接 |
|
|
|
|
正题名:概论论与数理统计学习指导
索取号:F234.0/g75
 
预约/预借
| 序号 | 登录号 | 条形码 | 馆藏地/架位号 | 状态 | 备注 |
| 1 | 6503829 | 265038292 | 密集书库-海洋学院/ [索取号:F234.0/g75] | 在馆 |